| 000 | 00502nam a22001697a 4500 | ||
|---|---|---|---|
| 003 | NUST - PNEC | ||
| 005 | 20170116181005.0 | ||
| 008 | 150912b xxu||||| |||| 00| 0 eng d | ||
| 020 | _a8121919851 | ||
| 040 | _cLIBRARY | ||
| 082 | _a621.38224 KOD | ||
| 100 |
_99740 _aKodali, V. P. |
||
| 245 |
_aEngineering electromagnetic compatibility:principles,measurements, and technologies _cV. Prasad Kodali |
||
| 260 | _cc.1996 | ||
| 650 |
_99749 _aElectromagnetic compatibility _xEE , EL |
||
| 942 |
_2ddc _cBK |
||
| 999 |
_c66849 _d66849 |
||